Online
Catalog

Traducción de los diálogos de amor de León Hebreo / (Record no. 4084)

MARC details
000 -CABECERA
campo de control de longitud fija 00913cam a2200241 a 4500
001 - NÚMERO DE CONTROL
campo de control 000004270
005 - FECHA Y HORA DE LA ÚLTIMA TRANSACCIÓN
campo de control 20200929151423.0
008 - DATOS DE LONGITUD FIJA--INFORMACIÓN GENERAL
campo de control de longitud fija 960626s1995 sp b 000 0 spa d
020 ## - NÚMERO INTERNACIONAL ESTÁNDAR DEL LIBRO
Número Internacional Estándar del Libro 8475064493
040 ## - FUENTE DE LA CATALOGACIÓN
Centro catalogador/agencia de origen DO-SdBNP
Centro/agencia transcriptor TXU
Centro/agencia modificador OCL
-- OCLCG
-- DLC
082 ## - NÚMERO DE LA CLASIFICACIÓN DECIMAL DEWEY
Número de clasificación 850.8
Número de documento/Ítem H446
100 0# - ENTRADA PRINCIPAL--NOMBRE DE PERSONA
Nombre de persona León, Hebrero
Fechas asociadas al nombre b. ca. 1460.
9 (RLIN) 12627
245 10 - MENCIÓN DE TÍTULO
Título Traducción de los diálogos de amor de León Hebreo /
Mención de responsabilidad, etc. Garcilaso Inca de la Vega ; edición y prólogo, Andrés Soria Olmedo.
260 ## - PUBLICACIÓN, DISTRIBUCIÓN, ETC.
Lugar de publicación, distribución, etc. Madrid :
Nombre del editor, distribuidor, etc. Fundación José Antonio Castro,
Fecha de publicación, distribución, etc. 1995.
300 ## - DESCRIPCIÓN FÍSICA
Extensión xvii, 553 p. ;
Dimensiones 23 cm.
490 1# - MENCIÓN DE SERIE
Mención de serie Biblioteca Castro
504 ## - NOTA DE BIBLIOGRAFÍA, ETC.
Nota de bibliografía, etc. Incluye referencias bibliográficas (p. xvii).
650 #4 - PUNTO DE ACCESO ADICIONAL DE MATERIA--TÉRMINO DE MATERIA
Término de materia o nombre geográfico como elemento de entrada Amor
Subdivisión de forma TEMPRANAS OBRAS PARA 1800.
9 (RLIN) 12628
700 1# - PUNTO DE ACCESO ADICIONAL--NOMBRE DE PERSONA
Nombre de persona Inca de la Vega, Garcilaso,
Fechas asociadas al nombre 1539-1616.
9 (RLIN) 12629
700 1# - PUNTO DE ACCESO ADICIONAL--NOMBRE DE PERSONA
Nombre de persona Soria Olmedo, Andrés ;
Término indicativo de función/relación ed.
9 (RLIN) 12630
830 #0 - PUNTO DE ACCESO ADICIONAL DE SERIE-TÍTULO UNIFORME
Título uniforme Biblioteca Castro
9 (RLIN) 12631
910 ## - DATOS DE OPCIÓN DEL USUARIO (OCLC)
Datos de opción del usuario Catalogación por copia / LC
Holdings
Estado de retiro Estado de pérdida Restricciones de uso No para préstamo Código de colección Localización permanente Ubicación/localización actual Ubicación en estantería Fecha de adquisición Número de inventario Total de préstamos Signatura topográfica completa Código de barras Fecha visto por última vez Precio válido a partir de Tipo de ítem Koha
    Préstamo interno   Monografías: Libros y Folletos General General En catalogación 20.07.2009 LF1   850.8 H446 4270-10 25.06.2020 25.06.2020 Préstamo interno

Powered by Koha